Dinámica de grupos en el aula : (Record no. 95256)

MARC details
000 -CABECERA
campo de control de longitud fija 00589nam a2200193 a 4500
005 - FECHA Y HORA DE LA ÚLTIMA TRANSACCIÓN
campo de control 20240601063719.0
008 - ELEMENTOS DE LONGITUD FIJA--INFORMACIÓN GENERAL
campo de control de longitud fija 030319s20002007mx r 000 0 spa d
020 ## - NÚMERO INTERNACIONAL NORMALIZADO PARA LIBROS
Número Internacional Estándar del Libro 9682441943
035 ## - NÚMERO DE CONTROL DEL SISTEMA
Número de control de sistema UPN01000123075
049 ## - COLECCIÓN
Colección CG
050 #4 - SIGNATURA TOPOGRÁFICA DE LA BIBLIOTECA DEL CONGRESO
Número de clasificación LB1032
Número de documento/Ítem L7.3
100 1# - ASIENTO PRINCIPAL--NOMBRE PERSONAL
Nombre de persona López Calva, Juan Martín
9 (RLIN) 33806
245 10 - MENCIÓN DE TÍTULO
Título Dinámica de grupos en el aula :
Resto del título una perspectiva humanista /
Mención de responsabilidad, etc. J. Martín López Calva.
260 ## - PUBLICACIÓN, DISTRIBUCIÓN, ETC.
Lugar de publicación, distribución, etc. México :
Nombre del editor, distribuidor, etc. Trillas,
Fecha de publicación, distribución, etc. 2000 (2007 impr.).
300 ## - DESCRIPCIÓN FÍSICA
Extensión 108 p.
650 #4 - ASIENTO SECUNDARIO DE MATERIA - TERMINO TEMATICO
Término de materia o nombre geográfico como elemento de entrada Trabajo en grupos (Educación)
9 (RLIN) 4098
650 #4 - ASIENTO SECUNDARIO DE MATERIA - TERMINO TEMATICO
Término de materia o nombre geográfico como elemento de entrada Psicopedagogía
9 (RLIN) 5085
905 ## - TIPO DE MATERIAL
Tipo de material Libro
Holdings
Estado de retiro Estado de pérdida Fuente del sistema de clasificación o colocación Estado dañado No para préstamo Código de colección Localización permanente Ubicación/localización actual Ubicación en estantería Total de préstamos Clasificación Código de barras Fecha visto por última vez Número de copia Tipo de ítem Koha En préstamo Fecha de adquisición Fecha del último préstamo
    Library of Congress Classification     Colección General Bib. Gregorio Torres Quintero Bib. Gregorio Torres Quintero Planta baja 53 LB1032 L7.3 222476 31/12/2020 1 Libro      
    Library of Congress Classification     Colección General Bib. Gregorio Torres Quintero Bib. Gregorio Torres Quintero Planta baja 38 LB1032 L7.3 270927 31/12/2020 1 Libro 27/03/2020    
    Library of Congress Classification     Colección General Bib. Gregorio Torres Quintero Bib. Gregorio Torres Quintero Planta baja 62 LB1032 L7.3 204268 26/01/2024 1 Libro   15/01/2024 15/01/2024
    Library of Congress Classification     Colección General Bib. Gregorio Torres Quintero Bib. Gregorio Torres Quintero Planta baja 68 LB1032 L7.3 222477 31/12/2020 1 Libro      
    Library of Congress Classification     Colección General Bib. Gregorio Torres Quintero Bib. Gregorio Torres Quintero Planta baja 65 LB1032 L7.3 204269 16/02/2023 1 Libro   26/01/2023 26/01/2023
    Library of Congress Classification     Colección General Bib. Gregorio Torres Quintero Bib. Gregorio Torres Quintero Planta baja 54 LB1032 L7.3 222478 31/12/2020 1 Libro